| 000 | 00443 a2200157 4500 | ||
|---|---|---|---|
| 001 | 81764 | ||
| 082 | _a620.1MER | ||
| 090 |
_c39833 _d39833 |
||
| 100 | _aMeriam, J L. ; Kraige, L G. | ||
| 245 |
_aEngineering mechanics ; Dynamics, 4rth Ed _cJ L Meriam _nVol. II |
||
| 250 | _a4 | ||
| 260 |
_aN.Y _bJohn Wiley & Son _c2009 |
||
| 300 |
_axx, 727 p. _bphotocophy [72331 origional] |
||
| 500 | _aAerospace Textbook | ||
| 600 | _aKraige, L G. | ||
| 942 |
_aNUST-CAE _k620.1MER _cAE |
||
| 999 |
_c316837 _d316837 |
||